MARC

LEADER 00000nas a2200000 a 4500
001 ssj0002260
003 WaSeSS
005 20200512172242.0
006 m d
007 cr n
008 760712c19579999gr br p s 0 a0eng c
010 |a sn 85019842   |z  65050196  
016 7 |a 0316312  |2 DNLM 
022 |l 0013-2942  |y 0013-2942 
035 |a (WaSeSS)ssj0002260 
040 |a PIT  |b eng  |c QPR  |d OCL  |d PIT  |d NYG  |d PIT  |d IUL  |d OCL  |d RCS  |d AIP  |d HUL  |d NSD  |d AGL  |d DLC  |d NST  |d IUL  |d NST  |d MYG  |d IUL  |d SYS  |d AGL  |d OCLCQ  |d NLM  |d DLC  |d NLM  |d DLC  |d CRU  |d OCLCQ  |d OCLCF  |d OCLCO  |d DLC  |d OCLCQ  |d OCLCO  |d GZM  |d OCLCO  |d OCLCA  |d WaSeSS 
041 0 |a eng  |a gre 
042 |a pcc  |a nsdp 
050 0 0 |a HN1  |b .E45 
050 1 4 |a NA9000  |b .E4 
060 0 0 |a W1  |b EK22 
070 0 |a HM206.A1E3 
082 0 4 |a 711.05  |b qE36 
210 0 |a Ekistics 
222 0 |a Ekistics 
245 0 0 |a Ekistics  |h [electronic resource] :  |b the problems and science of human settlements. 
246 1 |i Issues for <2004-> have Greek parallel title:  |a Oikistikē 
260 |a Cambridge, Mass. :  |b J. Tyrwhitt 
310 |a Bimonthly,  |b July 1978- 
321 |a Monthly,  |b <Oct. 1957>-June 1978 
362 0 |a Oct. 1957- 
506 |a License restrictions may limit access. 
515 |a Some issues combined. 
546 |a Chiefly in English; some articles in Greek. 
550 |a Vols for Oct. 1958-June 1965 published by: Doxiadis Associates; July 1965- by: Athens Center of Ekistics of the Athens Technological Organization. 
555 |a Vols. 1-10, Oct. 1955-Dec. 1960, in v. 11 (no. 63) (Includes index to the journal under its earlier title); vols. 11-24, 1961-1967, in 1968; vols. 25-29, Jan. 1968-June 1970, in v. 30 (no. 181); vols. 30-38, July 1970-Dec. 1974, in v. 38 (no. 229); vol. 39-44, Jan. 1975-Dec. 1977, in v. 44. 
588 |a Description based on: Vol. 4:25 (Oct. 1957). 
588 |a Latest issue consulted: Vol. 71, no. 427/428/429 (July/Aug./Nov./Dec. 2004). 
650 0 |a City planning  |v Periodicals. 
650 0 |a Housing  |v Periodicals. 
650 0 |a Regional planning  |v Periodicals. 
650 0 |a Community development  |v Periodicals. 
650 7 |a City planning.  |2 fast  |0 (OCoLC)fst00862177 
650 7 |a Community development.  |2 fast  |0 (OCoLC)fst00870818 
650 7 |a Housing.  |2 fast  |0 (OCoLC)fst00962245 
650 7 |a Regional planning.  |2 fast  |0 (OCoLC)fst01093120 
650 2 |a City Planning. 
650 2 |a Environment. 
650 2 |a Social Planning. 
655 0 |a Electronic journals. 
710 2 |a Athēnaïko Kentro Oikistikēs. 
710 2 |a Doxiadis Associates. 
780 0 0 |t Tropical housing & planning monthly bulletin  |x 2469-7176  |w (DLC) 2015203418  |w (OCoLC)28614521 
850 |a AU  |a CaBVa  |a CaMBC  |a CaNBSaM  |a DLC  |a DNAL  |a ICU  |a INS  |a InU  |a MCM  |a MsU  |a NcRS 
853 3 3 |8 1  |a v.  |b no.  |u 6  |v c  |i (year)  |j (month)  |w m  |x 01,07 
853 3 3 |8 2  |a v.  |b no.  |u 6  |v c  |i (year)  |j (month/month)  |w b 
856 4 0 |z Full text available from Research Library: 05/01/1992 to 12/31/1999  |u https://search.proquest.com/publication/40945 
856 4 0 |z Full text available from Research Library: 01/01/2002 to 01/31/2007  |u https://search.proquest.com/publication/40945 
863 4 0 |8 1  |a <4>-  |i <1957>-  |x provisional 
863 4 0 |8 2  |a <45>  |b <268>-  |i <1978>  |j <Mar./Apr.>-  |x provisional